Les métiers les plus exercés en France - Statistiques

Statistiques générales
  • Ce quiz a été pris 1 488 fois
  • Le résultat moyen est 3 sur 10
Statistiques - réponses
Hint Réponse % Correct
1 060 000 Enseignants
77%
839 000 Vendeurs
56%
598 000 Aides-Soignants
55%
774 000 Conducteurs de véhicules
34%
1 283 000 Agents d'entretien
27%
547 000 Commercial
23%
636 000 Cadres des services administratifs
13%
762 000 Employés de la fonctions publique
3%
536 000 Aides a domicile
2%
567 000 Infirmiers , Sages-femmes
1%
Aucun quiz correspondant
Distribution des résultats
% des personnes avec chaque résultat
Percentile par nombre de réponses
Votre historique - résultats
Vous n’avez pas pris ce quiz